| 000 | 00710nam a2200229Ia 4500 | ||
|---|---|---|---|
| 001 | 13131 | ||
| 003 | GE_BSU | ||
| 008 | 181216s||||||||xx |||||||||||||| ||und|| | ||
| 040 | _cGE_BSU | ||
| 080 | _a631.4 | ||
| 100 | _aВильямс,В.Р. | ||
| 245 | _aПочвоведение:земледелие с основами почвоведения | ||
| 245 | _cРед.М.Г.Аваев и С.А.Жёлтиков | ||
| 250 | _a5-е | ||
| 260 | _aМосква | ||
| 260 | _bОгиз-сельхозгиз | ||
| 260 | _c1947 | ||
| 300 | _a456стр.фото.илл.27см. | ||
| 653 | _aземледелие с основами почвоведения | ||
| 653 | _aПочвоведение | ||
| 942 | _cBK | ||
| 999 |
_c46295 _d46295 |
||